| 000 | 00440nam a2200145Ia 4500 | ||
|---|---|---|---|
| 008 | 230917s9999||||xx |||||||||||||| ||und|| | ||
| 040 |
_e173128 _aMAIN |
||
| 041 | _aEnglish | ||
| 082 | _a891.431731 AR14S | ||
| 100 | _aअवस्थी, राजेन्द्र | ||
| 245 | 0 | _aशहर की सड़के | |
| 260 |
_aदिल्ली _bराजपाल प्रकाशन _c1979 |
||
| 300 | _a194 पृ. p. | ||
| 942 | _cHN | ||
| 999 |
_c84708 _d84708 |
||